Cities From Above - #1 - Statistics

General Stats
  • This quiz has been taken 2,087 times
  • The average score is 6 of 10
Answer Stats
Picture Answer % Correct
New York City
93%
London
90%
Barcelona
88%
Singapore
57%
Amsterdam
55%
Cairo / Giza
55%
Rio de Janeiro
52%
Beijing
40%
Cape Town
38%
Jerusalem
32%
No matching quizzes found
Score Distribution
Percent of People with Each Score
Percentile by Number Answered
Your Score History
You have not taken this quiz